LEADER 01387nam a2200325 u 4500 001 000000059295 003 CaOOAMICUS 005 20070226120802.0 008 010626s1998 it u000 u ita u 020 $a8835945399 035 $a10894153 040 $aPUL(R)$bita 041 1 $aita$hspa 100 1 $aRodríguez, Pepe.$0(OLS)http://pul/name/40946 240 10$aMentiras fundamentales de la Iglesia católica.$lItaliano.$0(OLS)http://pul/title/79398 245 10$aVerità e menzogne della Chiesa cattolica /$cPepe Rodríguez ; prefazione di Mario Alighiero Manacorda. 260 $aRoma :$bEditori Riuniti,$c1988. 300 $axiv, 317 p. ;$c22 cm 490 1 $aPrimo piano 500 $aInclude indici. 504 $aBibliografia: p. 305-309. 630 04$aBiblia$xCritica e interpretazione.$0(OLS)http://pul/subject/2023 700 1 $aManacorda, Mario Alighiero,$d1914-$0(OLS)http://pul/name/40947 830 0$aPrimo piano.$0(OLS)http://pul/title/79400 850 $aPUL 852 $aPUL$W1$xDP1 Altre Collocazioni$y17$mSenza collocazione$j12$nBK-PRI$b $qStampati$B77331$CPULBib$Z2$F77331 $H $81 941 1 $a8 996 $6020$a8835945399$9(OLS)http://pul/number/75400 996 $6245$aVerità e menzogne della Chiesa cattolica$9(OLS)http://pul/title/79399 996 $6260$aRoma :$bEditori Riuniti$9(OLS)http://pul/publisher/54152 LEADER 01487nam a2200337 a 4500 001 000000157316 003 CaOOAMICUS 005 20161212111742.0 008 161212s2016 it u000 u ita r 020 $a978-88-315-4457-3* 032 $aLibriCat 040 $aPUL$bita 082 04$a220.7 130 0 $aBiblia.$pN.T.$pMatthaeus.$lItaliano.$0(OLS)http://pul/title/158569 245 10$aVangelo secondo Matteo /$cnuova versione, introduzione e commento di Franco De Carlo. 260 $aMilano :$bPaoline ;$aMilano :$bFiglie di San Paolo,$c©2016. 300 $a760 p. ;$c24 cm. 490 1 $aLibri biblici. Nuovo Testamento ;$v01 504 $aInclude riferimenti bibliografici. 630 04$aBiblia.$pN.T.$pMatthaeus$xCommenti.$0(OLS)http://pul/subject/37786 700 1 $aDe Carlo, Franco,$csac.,$d1969-$0(OLS)http://pul/name/74531 830 2$aI libri biblici.$pNuovo Testamento ;$v01.$0(OLS)http://pul/title/66327 850 $aPUL 852 $aPUL$W1$xSL Religione 3$y85$m220. 7 COLL 2.1$j180619$qDDC 21$B183739$CPULBib$Z2$F183739 $H128597 $81 941 1 $a9 996 $6020$a978-88-315-4457-3*$9(OLS)http://pul/number/161338 996 $6082$a220.7$9(OLS)http://pul/classification/1816 996 $6245$aVangelo secondo Matteo$9(OLS)http://pul/title/32723 996 $6260$aMilano :$bPaoline$9(OLS)http://pul/publisher/60808 996 $6260$aMilano :$bFiglie di San Paolo$9(OLS)http://pul/publisher/61975 LEADER 01517nam a2200337 a 4500 001 000000167742 003 CaOOAMICUS 005 20180521095626.0 008 180521s2018 it u000 u ita r 020 $a978-88-14-22514-7* 032 $aLibriCat 040 $aPUL$bita 082 04$a345.45025 245 00$aCodice dei diritti degli indifesi /$ca cura dell'Ordine degli avvocati di Milano ; presentazione di Remo Danovi. 260 $aMilano :$bGiuffrè,$c©2018$a[S.l.] :$bOrdine degli avvocati di Milano 300 $aXII, 708 p. ;$c21 cm. 500 $aInclude indici. 504 $aBibliografia in nota. 650 4$aDiritto penale$zItalia$xStudi.$0(OLS)http://pul/subject/17853 650 4$aDiritti umani$xDiritto e legislazione.$0(OLS)http://pul/subject/18255 700 1 $aDanovi, Remo.$0(OLS)http://pul/name/53167 710 2 $aOrdine degli avvocati di Milano.$0(OLS)http://pul/name/108052 850 $aPUL 852 $aPUL$W1$xSL Diritto e Scienze Sociali 3$y79$m345. 45025 ORAVM 1$j191513$qDDC 21$B195391$CPULBib$Z2$F195391 $H130780 $81 941 1 $a9 996 $6020$a978-88-14-22514-7*$9(OLS)http://pul/number/164093 996 $6082$a345.45025$9(OLS)http://pul/classification/1880 996 $6245$aCodice dei diritti degli indifesi$9(OLS)http://pul/title/207856 996 $6260$aMilano :$bGiuffrè$9(OLS)http://pul/publisher/48401 996 $6260$a[S.l.] :$bOrdine degli avvocati di Milano$9(OLS)http://pul/publisher/86750